Estudio en escarlata /
Guardado en:
| Autor Principal: | |
|---|---|
| Formato: | Libro |
| Publicado: |
Buenos Aires :
Ríos de Tinta,
2015.
|
| Series: | Huellas
|
| Materias: | |
| Etiquetas: |
Agregar Etiqueta
Sin Etiquetas, Sea el primero en etiquetar este registro!
|
| LEADER | 00680nam a22002415a 4500 | ||
|---|---|---|---|
| 001 | CEM.cems019070 | ||
| 008 | 220622s2015##################000#0#####d | ||
| 005 | 20220623085012.0 | ||
| 003 | CEMS | ||
| 245 | 1 | 0 | |a Estudio en escarlata / |c Arthur Conan Doyle |
| 260 | |a Buenos Aires : |b Ríos de Tinta, |c 2015. | ||
| 300 | |a 160 p. | ||
| 490 | 0 | |a Huellas | |
| 500 | |a Traducido por Marcela Solá. | ||
| 020 | |a 9789871789597 | ||
| 100 | 1 | |a Doyle, Arthur Conan | |
| 082 | 0 | 4 | |a 823.8 |
| 653 | |a Literatura | ||
| 653 | |a Literatura inglesa | ||
| 653 | |a Novelas | ||
| 653 | |a Novelas policiales | ||
| 653 | |a Literatura juvenil | ||
| 859 | |a CEMS |b BIB. CEMS - 11 de abril |h 823.8 |i D772-7 |p 29196.22 |t Ej. 1 | ||
